| 000 | 00665nam a2200181Ia 4500 | ||
|---|---|---|---|
| 008 | 100920s9999 xx 000 0 und d | ||
| 082 |
_b106643 _a891.463.1 न 09 |
||
| 100 | _aआर्चर जेफ्री अनु.सोहोनी लीना. | ||
| 245 | _aकॅट ओ नाइन टेल्स. | ||
| 260 |
_bमेहता पिब्लशिंग हाऊस,पुणे. _c2009 |
||
| 300 |
_a217 _bसाधी |
||
| 365 | _b200 | ||
| 520 | _aलघुकथा. | ||
| 630 | _aकॅट ओ नाइन टेल्स. | ||
| 650 | _aलघुकथा. | ||
| 730 | _aकॅट ओ नाइन टेल्स. | ||
| 942 | _cBOOK | ||
| 999 |
_c747068 _d747065 |
||